Statistics for Super Bowl Rematches

Click here to take the quiz!

General Stats

  • This quiz has been taken 133 times
    (116 since last reset)
  • The average score is 5 of 7

Answer Stats

Super BowlsAnswer% Correct
X, XIII, XXXDallas Cowboys vs. Pittsburgh Steelers
79%
XXVII, XXVIIIDallas Cowboys vs. Buffalo Bills
77%
XLII, XLVINew York Giants vs. New England Patriots
71%
XXXIX, LIIPhiladelphia Eagles vs. New England Patriots
67%
XXXVI, LIIILos Angeles Rams vs. New England Patriots
64%
XVI, XXIIISan Francisco 49ers vs. Cincinnati Bengals
64%
VII, XVIIWashington Redskins vs. Miami Dolphins
57%

Score Distribution

Percentile by Number Answered

Percent of People with Each Score

Your Score History

You have not taken this quiz since the last reset